000 00709nam a2200241Ia 4500
003 OSt
005 20220926000720.0
006 a|||||r|||| 00| 0
007 ta
008 220923b |||||||| |||| 00| 0 eng d
020 _a8173870179
037 _cGeneral Book
040 _aRTL
_cRTL
_beng
041 _2eng
_aeng
082 _aY:1.245H.N9, N4
100 _aSahni Ram Nath
_9302911
245 0 _aLahoul
_b The mystery land in the Himalayas
260 _a New Delhi
_bIndus Publishing Company
_c1994
300 _a304p
_ccm.
500 _aBibliography : P 298-300; Appendix : P 288-297
942 _hY:1.245H.N9, N4
_cGB
_2CC
999 _c599476
_d599476